| 000 | 00419nam a2200145Ia 4500 | ||
|---|---|---|---|
| 008 | 151015s9999 xx 000 0 und d | ||
| 020 | _a9.7802737194e+012 | ||
| 050 | _aQA76.76.063J63752005 | ||
| 245 | _aJonhson Steve | ||
| 250 | _a_Brilliant Windows Vista ( 2nd ed) | ||
| 300 | _aUSA Pearson Education Ltd 2008 | ||
| 500 | _aIncludes Index | ||
| 650 | _a_Windows Programs | ||
| 700 | _a^d20110118 04:00:59^okilerai | ||
| 999 |
_c536 _d536 |
||